| 000 | 01114nam a22001817a 4500 | ||
|---|---|---|---|
| 008 | 100422s1982 ua|||||r|||| 000 0 ara d | ||
| 082 |
_222 _a210 _bش ي خ |
||
| 100 |
_913666 _aالشيخ، عبد الحميد مصطفى |
||
| 245 |
_aالإسلام نظام حياة : _bتطبيقات السلف لعصر النهضة الإسلامية على قواعد النظريات العلمية البارزة فى السياسة والتعليم والاجتماع و الاقتصاد والجهاد يحكمها المنطق العلمي والتجربة الثابتة / _cعبد الحميد مصطفى الشيخ |
||
| 260 |
_a[القاهرة]: _bمجمع البحوث الإسلامية ، 1982 _c1982 |
||
| 300 |
_a359 ص ؛ _c21 سم |
||
| 650 |
_913667 _aالإسلام |
||
| 650 |
_913370 _aالإسلام والسياسة |
||
| 650 |
_913669 _aالإسلام والاقتصاد |
||
| 650 |
_913668 _aالإسلام والمجتمع |
||
| 942 |
_2ddc _cBB |
||
| 999 |
_c13929 _d13929 |
||